10 Closest Capitals to Amsterdam Quiz Stats

 Plays Quiz Updated Jul 14, 2016

Challenge
Share
Tweet
Embed
Score 0/10 Timer 02:00
0 Plays Today
Capital % Correct
Paris, France
98.2%
Berlin, Germany
97.4%
London, United Kingdom
96%
Brussels, Belgium
94.7%
Copenhagen, Denmark
87.6%
Luxembourg, Luxembourg
85.9%
Bern, Switzerland
81.5%
Dublin, Ireland
75.4%
Prague, Czechia
59.2%
Vaduz, Liechtenstein
54.2%

You're not logged in!

Compare scores with friends on all Sporcle quizzes.
OR
Log In

You Might Also Like...

Show Comments

Extras

Top Quizzes Today


Score Distribution

Your Account Isn't Verified!

In order to create a playlist on Sporcle, you need to verify the email address you used during registration. Go to your Sporcle Settings to finish the process.

Report this User

Report this user for behavior that violates our Community Guidelines.

Details: